000 00924caa a2200241 ib4500
003 SA-RiAUC
005 20260205124121.0
008 260204s1966 ku g f000 0 ara c
040 _aSA-JeALM
_bara
_erda
082 0 4 _a252.3
_qSA-RiAUC
090 _a252.3
_bط ي ب
100 1 _aطيب، خالد بن عبدالله
_eمؤلف.
245 1 0 _aأحكام وارشادات الصيام للمصابين بداء السكري
_cخالد بن عبدالله طيب
250 _aالطبعة الثالثة
264 _a( مكة المكرمة ) :
_bخالد بن عبدالله طيب.
_c2013
300 _a60 صفحة
_bصور وايضاحات.
_c22 في 22 سم.
336 _aنص
_btxt
_2rdacontent
_3كتاب
337 _aبدون وسيط
_bn
_2rdamedia
650 7 _aالصوم (إسلام)
_2aucsh
650 _aالرعاية الصحية
942 _2ddc
_cBOOK
_n0
949 _aSA-JeALM
_d260204
_uosman123
_n1
999 _c14259
_d14259